000 01109nam a22003257a 4500
003 CHAP
005 20220329140816.0
008 971013s1979 r 00010 d
010 _a57961
011 _a58933
035 _a63090
040 _cCHAP
082 _a512.7
_bS8
100 0 0 _aStewart, Ian.
_9109769
245 _aAlgebraic number theory
260 _aLondon :
_bChapman and Hall,
_c1979
300 _a257 p.
590 _aBATCH-UPD
_b10
_c20130110
_lUCH01
_h0540
590 _aBATCH-UPD
_b10
_c20130410
_lUCH01
_h0221
590 _aBATCH-UPD
_b10
_c20130914
_lUCH01
_h1842
590 _aCONVERSION
_b10
_c20130109
_lUCH01
_h1331
650 1 4 _aNúmeros, teoría de los.
_981911
700 0 _aTall, David.
_9111418
901 _aBK
942 _cLIBRO
949 _a512.7 S8
_bBC
_cLIBRO
_d33724000404828
_eLIBRO
_fc.2
_h52771
_i63090
_si
_t442.00
949 _a512.7 S8
_bBC
_cLIBRO
_d33724000404836
_eLIBRO
_fc.4
_h55167
_i63090
_si
_t442.00
949 _a512.7 S8
_bBC
_cLIBRO
_d33724000404844
_eLIBRO
_fc.3
_h55166
_i63090
_si
_t442.00
949 _a512.7 S8
_bBC
_cLIBRO
_d33724000408951
_eLIBRO
_h52770
_i63090
_si
_t442.00
999 _c57961
_d57961